Formula 1 World Drivers' Champions by year - Statistics

General Stats
  • This quiz has been taken 10,089 times
    550 since last reset
  • The average score is 56 of 76
Answer Stats
Hint Answer % Correct
2025 Lando Norris
99%
2024 Max Verstappen
99%
2020 Lewis Hamilton
97%
2019 Lewis Hamilton
97%
2018 Lewis Hamilton
97%
2017 Lewis Hamilton
97%
2023 Max Verstappen
97%
2022 Max Verstappen
97%
2021 Max Verstappen
97%
2015 Lewis Hamilton
96%
2014 Lewis Hamilton
96%
2013 Sebastian Vettel
96%
2012 Sebastian Vettel
96%
2011 Sebastian Vettel
96%
2006 Fernando Alonso
95%
2005 Fernando Alonso
95%
2007 Kimi Räikkönen
95%
2008 Lewis Hamilton
95%
2016 Nico Rosberg
95%
2010 Sebastian Vettel
95%
2009 Jenson Button
94%
2004 Michael Schumacher
94%
2003 Michael Schumacher
94%
2002 Michael Schumacher
94%
2001 Michael Schumacher
93%
2000 Michael Schumacher
93%
1999 Mika Häkkinen
88%
1998 Mika Häkkinen
87%
1995 Michael Schumacher
83%
1994 Michael Schumacher
83%
1993 Alain Prost
82%
1989 Alain Prost
81%
1991 Ayrton Senna
81%
1990 Ayrton Senna
81%
1997 Jacques Villeneuve
81%
1988 Ayrton Senna
79%
1996 Damon Hill
79%
1992 Nigel Mansell
79%
1986 Alain Prost
73%
1984 Niki Lauda
73%
1987 Nelson Piquet
72%
1985 Alain Prost
71%
1983 Nelson Piquet
67%
1976 James Hunt
64%
1982 Keke Rosberg
64%
1977 Niki Lauda
64%
1981 Nelson Piquet
62%
1975 Niki Lauda
62%
1980 Alan Jones
60%
1979 Jody Scheckter
59%
1978 Mario Andretti
59%
1957 Juan Manuel Fangio
58%
1955 Juan Manuel Fangio
58%
1972 Emerson Fittipaldi
57%
1971 Jackie Stewart
57%
1956 Juan Manuel Fangio
57%
1954 Juan Manuel Fangio
57%
1951 Juan Manuel Fangio
57%
1974 Emerson Fittipaldi
56%
1973 Jackie Stewart
56%
1952 Alberto Ascari
55%
1950 Giuseppe Farina
55%
1953 Alberto Ascari
54%
1970 Jochen Rindt
53%
1969 Jackie Stewart
51%
1962 Graham Hill
50%
1968 Graham Hill
49%
1959 Jack Brabham
49%
1963 Jim Clark
49%
1961 Phil Hill
49%
1960 Jack Brabham
48%
1965 Jim Clark
48%
1966 Jack Brabham
46%
1964 John Surtees
46%
1958 Mike Hawthorn
46%
1967 Denny Hulme
45%
No matching quizzes found
Score Distribution
Percent of People with Each Score
Percentile by Number Answered
Your Score History
You have not taken this quiz since the last reset